| 000 | 01133nam a22002657a 4500 | ||
|---|---|---|---|
| 999 |
_c1448 _d1448 |
||
| 003 | AR-CdUCM | ||
| 008 | 190227b ||||| |||| 00| 0 spa d | ||
| 040 |
_aMUNICIPALIDAD PROVINCIAL DEL CUSCO _cBIBLIOTECA MUNICIPAL DEL CUSCO |
||
| 041 | _hfre | ||
| 082 |
_a331.09 / _bP26 |
||
| 100 |
_aParias, Louis-Henri _95481 |
||
| 245 |
_aHistoria general del trabajo : _bla época del artesano (siglo V-XVIII) / |
||
| 260 |
_aBarcelona : _bGrijalbo, _c1965. |
||
| 300 |
_a464 páginas ; _bilustraciones, retratos, mapas, láminas, fotografías, planos, _c27 cm. |
||
| 500 | _aTraducción de: Histoire générale du travail. | ||
| 505 | _aContenido: Una oveja sobre el mundo -- persistencia de las civilizaciones antiguas -- trabajos y roturaciones de los campesinos -- Renacimiento de la artesanía -- expansión de las actividades comerciales e intelectuales ... | ||
| 650 |
_aTrabajo _94726 |
||
| 650 |
_aHistoria _9136 |
||
| 650 |
_aArtesanía _95482 |
||
| 700 |
_aRomero, Joaquín (traductor) _95483 |
||
| 700 |
_aWolff, Philippe _95484 |
||
| 700 |
_aMauro, Fréderec (colaboradores) _95485 |
||
| 942 |
_2ddc _cLIBROS |
||
| 945 | _aachl | ||